01345nam a2200217Ia 450000500170000000800410001704000440005804100080010208200150011011000870012524501580021226000490037030000310041950004000045050501390085050600210098965000240101065000350103465000230106965000350109220220210145826.0130821s1937 ck frl spa  aCo-BoUCMbspacSandra YazodSandra Yazo00aspa04a345.052201 aColombia.bMinisterio de Gobierno.bComisión de Asuntos Penales y Penitenciarios00aTrabajos preparatorios del nuevo código de procedimiento penal. bActas de la Comisión de Asuntos Penales y Penitenciarios. nTomo I. pParte General aBogotá (Colombia)bImprenta Nacionalc1937 a346 páginasc25 x 27 cm. aDetalles físicos: Encuadernación rústica (cartulina). Tapa delantera impresa en dos tintas, con datos publicación de la obra. Hojas cosidas con ganchos. Portada impresa en una sola tinta. Texto impreso en una columna, con diferentes tipos y tamaños de letra. Márgenes amplios. Índice. Tapa delantera y lomo, con rasgaduras en cartulina. Portada rasgada (pegada a tapa delantera).  aV.1: Plan de trabajo de la Comisión ; Disposiciones Generales -- Libro I: De los delitos y las sanciones en general (Título I a V) aConsulta en sala04aProcedimiento penal07aDerecho penal y1937zColombia07aProceso (Derecho) 07aLegislación y1937zColombia